Statistics for Name The Track 5 from every Taylor Swift Album

Click here to take the quiz!

General Stats

  • This quiz has been taken 24 times
  • The average score is 9 of 11

Answer Stats

AlbumAnswer% Correct
The Tortured Poets DepartmentSo Long,London
96%
reputationDelicate
91%
Folkloremy tears ricochet
87%
MidnightsYou're on your own,kid
87%
LoverThe Archer
83%
RedAll Too Well
78%
Taylor SwiftCold As You
78%
Speak NowDear John
78%
evermoreTolerate It
78%
1989All You Had To Do Was Stay
74%
FearlessWhite Horse
74%

Score Distribution

Percentile by Number Answered

Percent of People with Each Score

Your Score History

You have not taken this quiz